| 000 | nam a22 7a 4500 | ||
|---|---|---|---|
| 999 |
_c7148 _d7148 |
||
| 003 | OSt | ||
| 005 | 20180702164434.0 | ||
| 008 | 180702s2018 spc |||| 0 spa|d | ||
| 020 | _a9788408187028 | ||
| 040 |
_aES-BaBC _bcat _cCDMR |
||
| 100 | 1 |
_aMorel, Sandrine _eautor |
|
| 245 | 1 | 0 |
_aEn el huracán catalán _b: una mirada privilegiada al laberinto del procés / _cSandrine Morel ; traducción de Lara Cortés. |
| 260 |
_aBarcelona : _bPlaneta, _c2018 |
||
| 300 |
_a220 p. ; _c23 cm |
||
| 650 | 4 |
_aCatalunya _xPolítica i govern _yS. XXI |
|
| 650 | 4 |
_aAutodeterminació nacional _zCatalunya |
|
| 942 | _cMON | ||